000 00608nam a2200169 i 4500
001 102205
003 ES-MaACL
005 20231227062631.0
007 t|
008 051107s1971 sp ||||1| spa d
100 1 _aMenéndez Pidal, Ramón,
_d1869-1968
_980315
245 1 0 _aDel honor en el teatro español
_b: conferencia dada en La Habana, en la Sociedad Hispano Cubana de Cultura, por marzo de 1937 /
_cRamón Menéndez Pidal.
260 _aBarcelona :
_bAlmacenes Generales de Papel,
_c1971.
300 _a70 p. :
_bil. ;
_c21 cm.
852 _aES-MaACL
_jC-41515
_bR.80253
999 _c102205
_d102205